LEADER 00916nam a2200229 i 4500 001 000000213391 003 CaOOAMICUS 005 20130426000000.0 008 130426s1889 it u000 u ita u 013 $a192246 040 $aSeMil$bita 100 1 $aGiri, Giacomo <1852-1934>.$0(OLS)http://semarc/name/76009 245 10$aDel tradurre presso i latini /$cGiacomo Giri. 260 $aRoma :$bTipografia Guerra,$c1889. 300 $a182 p. ;$c19 cm. 500 $aNota ms. di possesso autografa di A. Ratti (Pio XI) in copertina. - Con dedica autografa dell'A. ad A. Ratti. 850 $aSeMil 852 $aSeMil$W1$xVenegono$y1$m1Z III 118 FA/RATTI$j163821$B163821$CSeMilBibl$Z2$F174885 $8B 941 1 $a11 961 $aRecupero: Ratti, Achille (Pio XI) 996 $6245$aDel tradurre presso i latini$9(OLS)http://semarc/title/307666 996 $6260$aRoma :$bTipografia Guerra$9(OLS)http://semarc/publisher/32779 LEADER 01477nam a2200301 i 4500 001 000000222863 003 CaOOAMICUS 005 20130927000000.0 008 130927s2011 it u000 u ita u 013 $a201760 020 $a978-88-209-8531-8 040 $aSeMil$bita 245 10$aSport, educazione, fede :$bper una nuova stagione del movimento sportivo cattolico : Seminario di studio : Vaticano, 6-7 novembre 2009 /$cPontificium Consilium Pro Laicis. 260 $aCittą del Vaticano :$bLibreria Editrice Vaticana,$c2011. 300 $a162 p. ;$c21 cm. 490 0 $aLaici oggi ;$v17 500 $aFondo card. C. M. Martini. 650 4$aSport - Concezione cristiana.$0(OLS)http://semarc/subject/14919 650 4$aFede - Educazione.$0(OLS)http://semarc/subject/36926 700 1 $aSanta Sede : Pontificio Consiglio per i Laici.$0(OLS)http://semarc/name/4035 830 0$aLaici oggi ;$v17.$0(OLS)http://semarc/title/10505 850 $aSeMil 852 $aSeMil$W1$xVenegono$y1$m3X III 46$j173209$B173209$CSeMilBibl$Z2$F185541 $81 941 1 $a4 961 $aLascito: Martini Card. Carlo Maria 996 $6020$a978-88-209-8531-8$9(OLS)http://semarc/number/222556 996 $6245$aSport, educazione, fede :$bper una nuova stagione del movimento sportivo cattolico : Seminario di studio : Vaticano, 6-7 novembre 2009$9(OLS)http://semarc/title/319588 996 $6260$aCittą del Vaticano :$bLibreria Editrice Vaticana$9(OLS)http://semarc/publisher/29734